| 000 | 01707cam a2200433 4500 | ||
|---|---|---|---|
| 008 | 030901n2003 000 0 eng u | ||
| 020 | _a0727732218 | ||
| 035 | _a(Sirsi) u123424 | ||
| 041 | _aeng | ||
| 050 |
_a658.99 _c18 |
||
| 245 | _aManagement of procurement | ||
| 260 |
_aLondon _bThomas Telford _c2003 |
||
| 300 |
_axix, 260p. _c24cm. |
||
| 350 | _a25 | ||
| 490 | _aThomas Telford Construction Management Series | ||
| 520 | _aAimed at both practitioners and academics, this text explains the theory and practice of procurement and offers guidance on how the process of procurement should be undertaken. Looks at: the role of procurement in the construction industry; various contract issues and strategies; procuring the services of a project manager; effective partnering; joint ventures; procurement strategies for privately financed projects; framework agreements; innovative procurement methods; procurement through programme management; and future trends. | ||
| 650 | _aPROCUREMENT METHODS | ||
| 650 | _aCONSTRUCTION PROJECTS | ||
| 650 | _aCONTRACT STRATEGIES | ||
| 650 |
_aCONSTRUCTION MANAGEMENT _96230 |
||
| 650 | _aBUILT ENVIRONMENT-BUILDING CONTRACT FORMS | ||
| 650 | _aPARTNERING | ||
| 650 | _aJOINT VENTURES | ||
| 650 | _aFRAMEWORK AGREEMENTS | ||
| 690 |
_aProcurement _96260 |
||
| 700 |
_aBower, Denise _xEditor |
||
| 700 | _aDavies, Edward | ||
| 700 | _aGarthwhite, Paul | ||
| 700 | _aGraham, Martin | ||
| 700 | _aHallam, Chris | ||
| 700 | _aBenjamin, Joyce | ||
| 700 | _aMale, Steven | ||
| 700 | _aSmith, Nigel J. | ||
| 700 | _aSpring, Phil | ||
| 700 | _aWearne, Stephen | ||
| 700 | _aWhite, George | ||
| 700 | _aWright, David | ||
| 942 | _n0 | ||
| 999 |
_c103035 _d103035 |
||